| 000 | 00324nam a22001337a 4500 | ||
|---|---|---|---|
| 999 |
_c532663 _d532663 |
||
| 003 | NUST | ||
| 038 | _aM.Ramzan | ||
| 082 |
_a624.18340228 _bGRA |
||
| 100 |
_a Grantham, Michael. _926280 |
||
| 245 |
_aConcrete Solutions / _cMichael Grantham. |
||
| 260 |
_aLondon: _bCRC Press, _c2009. |
||
| 300 | _a466 p, : | ||
| 942 |
_2ddc _cBK |
||